Southville International School and Colleges
Your cart is empty.
  • Cart
  • Lists
    Public lists Eva Luna New books Lux_list list_1
    Your lists Log in to create your own lists
  • Log in to your account
  • Your cookies
  • Search history
Southville International School and Colleges
  • Advanced search
  • Recent comments
  • Most popular
  • Libraries

Log in to your account

Log in with GOOGLE


If you do not have an external account, but do have a local account, you can still log in:

  1. Home
  2. MARC view: The writer's brief handbook /
Normal view MARC view ISBD view

The writer's brief handbook / (Record no. 13395)

[ view plain ]
MARC details
000 -LEADER
fixed length control field 00857cam a2200253 a 4500
003 - CONTROL NUMBER IDENTIFIER
control field OSt
005 - DATE AND TIME OF LATEST TRANSACTION
control field 20140310182432.0
008 - FIXED-LENGTH DATA ELEMENTS--GENERAL INFORMATION
fixed length control field 090618s2009 nyua f 001 0 eng
010 ## - LIBRARY OF CONGRESS CONTROL NUMBER
LC control number 2009419007
020 ## - INTERNATIONAL STANDARD BOOK NUMBER
International Standard Book Number 9780205744060 (alk. paper)
020 ## - INTERNATIONAL STANDARD BOOK NUMBER
International Standard Book Number 0205744060 (alk. paper)
050 00 - LIBRARY OF CONGRESS CALL NUMBER
Classification number PE 1408
Item number .R675 2008
100 1# - MAIN ENTRY--PERSONAL NAME
Personal name Rosa, Alfred F.
9 (RLIN) 9676
245 14 - TITLE STATEMENT
Title The writer's brief handbook /
Statement of responsibility, etc Alfred Rosa, Paul Eschholz.
250 ## - EDITION STATEMENT
Edition statement MLA Update ed. ; 6th ed.
260 ## - PUBLICATION, DISTRIBUTION, ETC. (IMPRINT)
Place of publication, distribution, etc New York :
Name of publisher, distributor, etc Pearson/Longman,
Date of publication, distribution, etc c2008.
300 ## - PHYSICAL DESCRIPTION
Extent 465 p. :
Other physical details col. ill. ;
Dimensions 22 cm.
650 #0 - SUBJECT ADDED ENTRY--TOPICAL TERM
Topical term or geographic name as entry element English language
General subdivision Rhetoric
Form subdivision Handbooks, manuals, etc.
9 (RLIN) 9677
650 #0 - SUBJECT ADDED ENTRY--TOPICAL TERM
Topical term or geographic name as entry element English language
General subdivision Grammar
Form subdivision Handbooks, manuals, etc.
9 (RLIN) 9678
650 #0 - SUBJECT ADDED ENTRY--TOPICAL TERM
Topical term or geographic name as entry element Report writing
Form subdivision Handbooks, manuals, etc.
9 (RLIN) 9679
700 1# - ADDED ENTRY--PERSONAL NAME
Personal name Eschholz, Paul A.
9 (RLIN) 9680
942 ## - ADDED ENTRY ELEMENTS (KOHA)
Source of classification or shelving scheme Library of Congress Classification
Koha item type
Holdings
Withdrawn status Lost status Source of classification or shelving scheme Damaged status Home library Current library Shelving location Date acquired Total Checkouts Total Renewals Full call number Barcode Date last seen Date checked out Copy number Price effective from Koha item type
    Library of Congress Classification   South SEED-LPDH College Library South SEED-LPDH College Library South SEED-LPDH College Section 07/13/2012 1 10 PE 1408 .R675 2008 SSLC0758 05/15/2018 02/12/2018 1 11/06/2013 Books

The writer's brief handbook /

APA

Rosa A. F., Eschholz P. A., . (2008). The writer's brief handbook. New York: Pearson/Longman.

Chicago

Rosa Alfred F, Eschholz Paul A, . 2008. The writer's brief handbook. New York: Pearson/Longman.

Harvard

Rosa A. F., Eschholz P. A., . (2008). The writer's brief handbook. New York: Pearson/Longman.

MLA

Rosa Alfred F, Eschholz Paul A, . The writer's brief handbook. New York: Pearson/Longman. 2008.

  • Place hold
  • Print
  • Cite
  • Add to your cart (remove)
  • Save record
    BIBTEX Dublin Core MARCXML MARC (non-Unicode/MARC-8) MARC (Unicode/UTF-8) MARC (Unicode/UTF-8, Standard) MODS (XML) RIS
  • More searches
    Search for this title in:
    Other Libraries (WorldCat) Other Databases (Google Scholar) Online Stores (Bookfinder.com) Open Library (openlibrary.org)

Exporting to Dublin Core...

SOUTHVILLE LIBRARY

Southville International School and Colleges Library

1281 Tropical Ave. Cor. Luxembourg St., BF Homes International, Las Pinas City

Tel. No. 8256374 / 252358 Loc. 117/146

Powered by Koha